000 00972nam a2200145Ia 4500
008 220216s9999 xx 000 0 und d
100 _aTan A G
245 0 _aThermal analysis of rubberwood
260 _bJournal of Natural Rubber Research
_c1987
300 _a82-93
520 _aThe thermal behaviour of rubberwood in an inert environment was examined using differential thermal analysis (DTA). The resultant DTA trace contains a number of peaks, both endothermic and exothermic, attributed to degradation of the individual wood components. The effects of particle size of the wood, the gass flow rate, the heating rate and fungal infestation on the thermal response of the material were investigated. Reducing the gas flow rate has almost the same effect as increasing the particle size of the wood. A comparison was also made between the thermal behaviour of rubberwood and those of other wood species.
650 _aRubberwood
700 _aScott J B
942 _cBO
999 _c48157
_d48157